Statistiques concernant Émotions par Emojis

Cliquez ici pour prendre le quiz!

Statistiques générales

  • Ce quiz a été pris 27 fois
  • Le résultat moyen est 13 sur 15

Statistiques - réponses

À reproduire :Indice (pour rechercher)Reponse% Correct
🙂Content🙂
100%
😡Colere😡
100%
🥶Froid🥶
88%
🥵Chaud🥵
88%
🤢Degout🤢
88%
😈X😈
88%
👍😉 !!!👍
88%
😪Tristesse😪
84%
🥰Amoureux🥰
84%
😨Peur😨
84%
😇Innocent😇
80%
😞Deçu😞
80%
🫠Disparaitre🫠
68%
🫥Invisible🫥
68%
🫨Tremblotant🫨
64%

Distribution des résultats

Percentile par nombre de réponses

% des personnes avec chaque résultat

Votre développement - résultats

Vous n’avez pas pris ce quiz